[Event "Dyfed op 47th"]
[Site "Fishguard"]
[Date "2018.02.17"]
[Round "2"]
[White "Miles, Richard"]
[Black "Jones, Iolo Cerredig"]
[Result "0-1"]
[WhiteElo "1960"]
[BlackElo "2206"]
[PlyCount "136"]
[EventDate "2018.02.16"]
[EventType "swiss"]
[EventRounds "5"]
[EventCountry "WLS"]
[SourceTitle "EXT 2020"]
[Source "ChessBase"]
[SourceDate "2019.10.17"]
[SourceVersion "1"]
[SourceVersionDate "2019.10.17"]
[SourceQuality "1"]

1. Nf3 Nf6 2. c4 e6 3. g3 b6 4. Bg2 Bb7 5. 0-0 c5 6. Nc3 d5 7. d4 dxc4 8. Qa4+ Nbd7 9. Qxc4 Qc8 10. Rd1 cxd4 11. Qxc8+ Rxc8 12. Nxd4 Bxg2 13. Kxg2 a6 14. Nb3 Be7 15. Bf4 e5 16. Be3 Ng4 17. Bc1 Ngf6 18. Be3 Rc6 19. Rac1 Bd8 20. Nd5 Rxc1 21. Nxf6+ Nxf6 22. Rxc1 Kd7 23. h3 Nd5 24. Bd2 Be7 25. a3 a5 26. Kf3 a4 27. Na1 b5 28. Nc2 Rc8 29. Ne3 Rxc1 30. Bxc1 Nb6 31. Ke4 Ke6 32. Kd3 Bc5 33. Kc3 f5 34. Nd1 Nd5+ 35. Kc2 Kd6 36. Kd3 e4+ 37. Kc2 Bd4 38. b3 Bc5 39. e3 Kc6 40. Nc3 Nb6 41. Ne2 axb3+ 42. Kxb3 Nc4 43. h4 g6 44. Bb2 Nd2+ 45. Kc2 Nf3 46. Nf4 Bd6 47. Nh3 Kd5 48. Kb3 Nd2+ 49. Kc2 Nc4 50. Kb3 Nxb2 51. Kxb2 Kc4 52. Ng5 Be7 53. Ne6 Kd3 54. Nf4+ Kd2 55. Nd5 Bd6 56. Kb3 Ke1 57. Nc3 Kxf2 58. Nxb5 Bc5 59. a4 Bxe3 60. a5 Kxg3 61. Kc4 f4 62. Nd4 Bxd4 63. Kxd4 e3 64. a6 e2 65. a7 e1Q 66. a8Q Qe3+ 67. Kc4 f3 68. Qa1 f2 0-1

[Event "WLS-chT 1718"]
[Site "Wales"]
[Date "2017.10.22"]
[Round "1.18"]
[White "Miles, Richard"]
[Black "Buttell, David"]
[Result "1/2-1/2"]
[WhiteElo "1985"]
[BlackElo "1777"]
[PlyCount "37"]
[EventDate "2017.10.22"]
[EventType "team-tourn"]
[EventRounds "5"]
[EventCountry "WLS"]
[SourceTitle "EXT 2020"]
[Source "ChessBase"]
[SourceDate "2019.10.17"]
[SourceVersion "1"]
[SourceVersionDate "2019.10.17"]
[SourceQuality "1"]
[WhiteTeam "Abergavenny"]
[BlackTeam "White Knights"]
[WhiteTeamCountry "WLS"]
[BlackTeamCountry "WLS"]

1. d4 d5 2. c4 e6 3. Nc3 Nf6 4. cxd5 exd5 5. Bg5 Be7 6. e3 c6 7. Qc2 Nbd7 8. Bd3 0-0 9. Nge2 Re8 10. h3 Nf8 11. 0-0-0 g6 12. g4 Ne6 13. Bh4 Ng7 14. Kb1 Ne4 15. Bxe7 Nxc3+ 16. Qxc3 Qxe7 17. Ng3 f5 18. gxf5 Nxf5 19. Bxf5 1/2-1/2

[Event "Dyfed op"]
[Site "Fishguard"]
[Date "2017.02.25"]
[Round "3"]
[White "Miles, Richard"]
[Black "Kett, Timothy"]
[Result "0-1"]
[WhiteElo "1983"]
[BlackElo "2193"]
[PlyCount "66"]
[EventDate "2017.02.24"]
[EventType "swiss"]
[EventRounds "5"]
[EventCountry "WLS"]
[SourceTitle "EXT 2019"]
[Source "ChessBase"]
[SourceDate "2018.10.10"]
[SourceVersion "1"]
[SourceVersionDate "2018.10.10"]
[SourceQuality "1"]

1. d4 Nf6 2. c4 e6 3. Nf3 c5 4. d5 exd5 5. cxd5 d6 6. Nc3 a6 7. a4 g6 8. e4 Bg7 9. h3 0-0 10. Bd3 Nfd7 11. 0-0 Ne5 12. Nxe5 Bxe5 13. f4 Bd4+ 14. Kh1 f5 15. exf5 Bxf5 16. Bxf5 Rxf5 17. g4 Rf8 18. Ne4 Qh4 19. Ra3 Nd7 20. Ng5 Nf6 21. Ne6 Ne4 22. Nxd4 cxd4 23. Kg2 Rac8 24. Bd2 Rf7 25. Be1 Qf6 26. Bf2 Qxf4 27. Bg3 Rc2+ 28. Qxc2 Qxf1+ 29. Kh2 Nxg3 30. Kxg3 Qg1+ 31. Kh4 Qe1+ 32. Kg5 Qe7+ 33. Kh6 Qh4# 0-1

[Event "BCF-chT3N 1617 (4NCL)"]
[Site "England"]
[Date "2017.01.14"]
[Round "3.63"]
[White "Dean, Robert A"]
[Black "Miles, Richard"]
[Result "1/2-1/2"]
[WhiteElo "1839"]
[BlackElo "1987"]
[PlyCount "73"]
[EventDate "2016.11.26"]
[EventType "team-swiss"]
[EventRounds "11"]
[EventCountry "ENG"]
[SourceTitle "EXT 2019"]
[Source "ChessBase"]
[SourceDate "2018.10.10"]
[SourceVersion "1"]
[SourceVersionDate "2018.10.10"]
[SourceQuality "1"]
[WhiteTeam "Bradford DCA Knights III"]
[BlackTeam "Spirit of Atticus II"]
[WhiteTeamCountry "ENG"]
[BlackTeamCountry "ENG"]

1. Nf3 Nf6 2. d4 e6 3. Bg5 h6 4. Bh4 c5 5. e3 cxd4 6. exd4 Be7 7. Nbd2 b6 8. Bd3 Bb7 9. 0-0 0-0 10. Re1 d6 11. c3 Nbd7 12. Qe2 a6 13. Rad1 Re8 14. Bc2 Nf8 15. Nf1 Nh5 16. Bg3 Nxg3 17. hxg3 Bf6 18. Ne3 g6 19. Ng4 Bg7 20. Qe3 Kh7 21. Qf4 Qe7 22. Ngh2 Rad8 23. g4 Qf6 24. Qg3 Kg8 25. g5 hxg5 26. Nxg5 e5 27. Nhf3 Bxf3 28. gxf3 Ne6 29. Nxe6 Rxe6 30. Bb3 Ree8 31. dxe5 Rxe5 32. Rxe5 Qxe5 33. Qxe5 Bxe5 34. Kg2 Kg7 35. Rh1 f5 36. Rh4 Rc8 37. Rc4 1/2-1/2

[Event "EU-Cup 32nd"]
[Site "Novi Sad"]
[Date "2016.11.07"]
[Round "2.5"]
[White "Maratkanov, Evgeny"]
[Black "Miles, Richard"]
[Result "1-0"]
[WhiteElo "2141"]
[BlackElo "2000"]
[PlyCount "77"]
[EventDate "2016.11.06"]
[EventType "team-swiss"]
[EventRounds "7"]
[EventCountry "SRB"]
[SourceTitle "CBM 176"]
[Source "ChessBase"]
[SourceDate "2017.01.17"]
[SourceVersion "1"]
[SourceVersionDate "2017.01.17"]
[SourceQuality "1"]
[WhiteTeam "LugPokerChess"]
[BlackTeam "Abergavenny"]
[WhiteTeamCountry "RUS"]
[BlackTeamCountry "WLS"]

1. Nf3 c5 2. c4 Nf6 3. d4 cxd4 4. Nxd4 a6 5. Nc3 d5 6. Qa4+ Bd7 7. Qb3 Nc6 8. Nxc6 Bxc6 9. Bg5 dxc4 10. Qxc4 Qa5 11. Bd2 Qb6 12. e4 e6 13. Bd3 Qc5 14. Qxc5 Bxc5 15. f3 Rd8 16. Ke2 0-0 17. Be3 Nd7 18. Rhd1 Bxe3 19. Kxe3 Ne5 20. Be2 Rfe8 21. g3 Kf8 22. f4 Nd7 23. e5 Nb6 24. Ne4 Nd5+ 25. Kf2 Ke7 26. Bf3 f6 27. exf6+ gxf6 28. Nc5 Kd6 29. Rac1 Ra8 30. Rd2 Ke7 31. f5 Red8 32. Nxe6 Rd6 33. Rcd1 Rc8 34. Bxd5 Bxd5 35. Rxd5 Rxd5 36. Rxd5 Rc2+ 37. Ke3 Rxb2 38. Rd2 Rb4 39. Nf4 1-0

[Event "EU-Cup 32nd"]
[Site "Novi Sad"]
[Date "2016.11.06"]
[Round "1.5"]
[White "Miles, Richard"]
[Black "Velickovic, Sasa"]
[Result "1/2-1/2"]
[WhiteElo "2000"]
[BlackElo "2312"]
[PlyCount "63"]
[EventDate "2016.11.06"]
[EventType "team-swiss"]
[EventRounds "7"]
[EventCountry "SRB"]
[SourceTitle "CBM 176"]
[Source "ChessBase"]
[SourceDate "2017.01.17"]
[SourceVersion "1"]
[SourceVersionDate "2017.01.17"]
[SourceQuality "1"]
[WhiteTeam "Abergavenny"]
[BlackTeam "Crvena Zvezda"]
[WhiteTeamCountry "WLS"]
[BlackTeamCountry "SRB"]

1. d4 Nf6 2. c4 c5 3. d5 e6 4. Nc3 exd5 5. cxd5 d6 6. Nf3 g6 7. Bf4 Bg7 8. Qa4+ Bd7 9. Qb3 Qc7 10. e4 0-0 11. Nd2 Nh5 12. Be3 Bc8 13. Be2 Nf6 14. 0-0 Qe7 15. h3 Nbd7 16. a4 a6 17. Qc2 Rb8 18. Bg5 h6 19. Bh4 g5 20. Bg3 Ne5 21. f4 gxf4 22. Bxf4 Ng6 23. Bh2 Nd7 24. Nc4 Nde5 25. Ne3 Qg5 26. Nf5 Nh4 27. Nxh4 Qxh4 28. Qd2 Bd7 29. Qf4 Qxf4 30. Rxf4 Rfe8 31. Rff1 Re7 32. Ra3 1/2-1/2

[Event "BCF-chT3Na 1516 (4NCL)"]
[Site "England"]
[Date "2016.03.19"]
[Round "7.57"]
[White "Miles, Richard"]
[Black "Edwards, Simon R"]
[Result "1/2-1/2"]
[WhiteElo "1949"]
[BlackElo "2020"]
[PlyCount "35"]
[EventDate "2015.11.14"]
[EventType "team-swiss"]
[EventRounds "7"]
[EventCountry "ENG"]
[SourceTitle "EXT 2017"]
[Source "ChessBase"]
[SourceDate "2016.10.25"]
[SourceVersion "1"]
[SourceVersionDate "2016.10.25"]
[SourceQuality "1"]
[WhiteTeam "Spirit of Atticus III"]
[BlackTeam "Cheddleton II"]
[WhiteTeamCountry "ENG"]
[BlackTeamCountry "ENG"]

1. Nf3 c5 2. e4 g6 3. d4 cxd4 4. Nxd4 Bg7 5. Nc3 Nc6 6. Be3 Nf6 7. Bc4 Qa5 8. 0-0 0-0 9. Bb3 d6 10. f3 Rd8 11. Qe2 Nd7 12. Qf2 Nc5 13. Rfd1 Nxd4 14. Bxd4 Bxd4 15. Qxd4 Ne6 16. Qe3 Nc7 17. Nd5 Nxd5 18. Rxd5 1/2-1/2

[Event "Dyfed op 45th"]
[Site "Fishguard"]
[Date "2016.02.27"]
[Round "4"]
[White "Bevan, Peter M"]
[Black "Miles, Richard"]
[Result "1/2-1/2"]
[WhiteElo "1999"]
[BlackElo "1949"]
[PlyCount "22"]
[EventDate "2016.02.26"]
[EventType "swiss"]
[EventRounds "5"]
[EventCountry "WLS"]
[SourceTitle "EXT 2018"]
[Source "ChessBase"]
[SourceDate "2017.10.13"]
[SourceVersion "1"]
[SourceVersionDate "2017.10.13"]
[SourceQuality "1"]

1. c4 c5 2. Nc3 Nf6 3. g3 g6 4. Bg2 Bg7 5. e3 0-0 6. Nge2 Nc6 7. 0-0 e6 8. d4 cxd4 9. exd4 d5 10. cxd5 Nxd5 11. Nxd5 exd5 1/2-1/2

[Event "Dyfed op 45th"]
[Site "Fishguard"]
[Date "2016.02.27"]
[Round "3"]
[White "Young, Alan J"]
[Black "Miles, Richard"]
[Result "1/2-1/2"]
[WhiteElo "2072"]
[BlackElo "1949"]
[PlyCount "43"]
[EventDate "2016.02.26"]
[EventType "swiss"]
[EventRounds "5"]
[EventCountry "WLS"]
[SourceTitle "EXT 2018"]
[Source "ChessBase"]
[SourceDate "2017.10.13"]
[SourceVersion "1"]
[SourceVersionDate "2017.10.13"]
[SourceQuality "1"]

1. e4 c5 2. c3 d5 3. exd5 Qxd5 4. d4 Nf6 5. Nf3 Bg4 6. dxc5 Qxc5 7. Na3 a6 8. Be3 Qc7 9. h3 Bh5 10. Qa4+ Nbd7 11. g4 Bg6 12. 0-0-0 e6 13. Bg2 Bxa3 14. Qxa3 0-0-0 15. Nh4 Be4 16. Bxe4 Nxe4 17. Rd4 Nef6 18. Rhd1 Nd5 19. Nf5 Nxe3 20. Nxe3 Nb8 21. Nc4 Nc6 22. Rxd8+ 1/2-1/2

[Event "EU-Cup 31st"]
[Site "Skopje"]
[Date "2015.10.19"]
[Round "2.6"]
[White "Mertanen, Janne"]
[Black "Miles, Richard"]
[Result "1-0"]
[WhiteElo "2253"]
[BlackElo "1955"]
[PlyCount "73"]
[EventDate "2015.10.18"]
[EventType "team-swiss"]
[EventRounds "7"]
[EventCountry "MKD"]
[SourceTitle "CBM 169"]
[Source "ChessBase"]
[SourceDate "2015.11.10"]
[SourceVersion "1"]
[SourceVersionDate "2015.11.10"]
[SourceQuality "1"]
[WhiteTeam "Tammer Shakki"]
[BlackTeam "Abergavenny"]
[WhiteTeamCountry "FIN"]
[BlackTeamCountry "WLS"]

1. d4 d5 2. c4 c6 3. Nf3 Nf6 4. e3 Bf5 5. Nc3 e6 6. Nh4 Bg6 7. Be2 Nbd7 8. 0-0 Be7 9. g3 0-0 10. Nxg6 hxg6 11. Qb3 Qb6 12. Rd1 Rfe8 13. Bd2 Bf8 14. Be1 Rad8 15. Qc2 Rc8 16. c5 Qc7 17. f4 b6 18. b4 Be7 19. g4 Nb8 20. Bg3 Qd7 21. g5 Nh7 22. h4 Nf8 23. Bd3 Bd8 24. Kg2 f5 25. Ne2 Bc7 26. Ng1 Qe7 27. Nf3 Kf7 28. Rdc1 Qd7 29. Qa4 b5 30. Qxa7 Kg8 31. Qa3 Qe7 32. Qc3 Nbd7 33. a4 bxa4 34. Rxa4 Ra8 35. Rca1 Rxa4 36. Rxa4 Rb8 37. Ra6 1-0

[Event "EU-chT Seniors"]
[Site "Vienna"]
[Date "2015.07.15"]
[Round "4.17"]
[White "Miles, Richard"]
[Black "Beltz, Martina"]
[Result "0-1"]
[WhiteElo "1979"]
[BlackElo "2019"]
[PlyCount "94"]
[EventDate "2015.07.12"]
[EventType "team-swiss"]
[EventRounds "9"]
[EventCountry "AUT"]
[SourceTitle "EXT 2018"]
[Source "ChessBase"]
[SourceDate "2017.10.13"]
[SourceVersion "1"]
[SourceVersionDate "2017.10.13"]
[SourceQuality "1"]
[WhiteTeam "Gwent Wales"]
[BlackTeam "Germany (W)"]
[WhiteTeamCountry "WLS"]
[BlackTeamCountry "GER"]

1. d4 d5 2. c4 e6 3. Nc3 c6 4. e4 dxe4 5. Nxe4 Nf6 6. Nxf6+ Qxf6 7. Nf3 Nd7 8. Bd3 h6 9. 0-0 Bd6 10. Qe2 b6 11. Bd2 Bb7 12. a4 a5 13. Bc3 Qe7 14. Ne5 Nf6 15. Kh1 c5 16. dxc5 Bxc5 17. f4 Rd8 18. Rae1 0-0 19. f5 Bd4 20. fxe6 Qxe6 21. Bxd4 Rxd4 22. Qf2 Qd6 23. Qf5 Rh4 24. h3 Rh5 25. Qf4 Rxh3+ 26. Kg1 Rxd3 27. Nxd3 Qxd3 28. Qc7 Qd4+ 29. Kh1 Qh4+ 30. Kg1 Ng4 31. Re7 Qh5 32. Qd6 Bc8 33. Rc7 Be6 34. c5 bxc5 35. Rxc5 Qh4 36. Rxa5 Ne3 37. Qf4 Ng4 38. Ra7 Qh5 39. Rc7 Rd8 40. Rc2 Bb3 41. Rc7 Be6 42. Rc3 Rd2 43. Rh3 Qc5+ 44. Kh1 Nf2+ 45. Kh2 Rxb2 46. Rg3 Qh5+ 47. Kg1 Qh1# 0-1

[Event "BCF-chT3 1415 (4NCL)"]
[Site "England"]
[Date "2015.05.03"]
[Round "11.99"]
[White "Miles, Richard"]
[Black "Cook, Michael P"]
[Result "0-1"]
[WhiteElo "2002"]
[BlackElo "1976"]
[PlyCount "94"]
[EventDate "2015.03.21"]
[EventType "team-swiss"]
[EventRounds "11"]
[EventCountry "ENG"]
[SourceTitle "EXT 2016"]
[Source "ChessBase"]
[SourceDate "2015.10.08"]
[SourceVersion "1"]
[SourceVersionDate "2015.10.08"]
[SourceQuality "1"]
[WhiteTeam "Spirit of Atticus II"]
[BlackTeam "Anglian Avengers II"]
[WhiteTeamCountry "ENG"]
[BlackTeamCountry "ENG"]

1. d4 Nf6 2. c4 e6 3. Nf3 Bb4+ 4. Bd2 Qe7 5. g3 0-0 6. Nc3 c5 7. a3 Bxc3 8. Bxc3 Ne4 9. Rc1 d6 10. Bg2 Nxc3 11. Rxc3 e5 12. d5 f5 13. 0-0 Nd7 14. Ne1 f4 15. e4 Nf6 16. Nd3 g5 17. f3 h5 18. b4 b6 19. Qe2 Qh7 20. bxc5 bxc5 21. Rb3 h4 22. gxh4 Qxh4 23. Qf2 Qxf2+ 24. Kxf2 Ba6 25. Rc3 Kg7 26. Bh3 Rh8 27. Kg2 Rab8 28. Be6 Bc8 29. Bxc8 Rhxc8 30. Rfc1 g4 31. Nf2 Rb2 32. R1c2 gxf3+ 33. Kxf3 Rxc2 34. Rxc2 Rb8 35. Rc3 Rb2 36. Rd3 Kg6 37. Rd1 Rc2 38. Rg1+ Kf7 39. Rb1 Rc3+ 40. Kg2 Rxa3 41. Rb7+ Kg6 42. Re7 Ra6 43. Kf3 Ra2 44. h3 Ra3+ 45. Kg2 Kg5 46. Rg7+ Kh4 47. Kh2 Rf3 0-1

[Event "BCF-chT3 1415 (4NCL)"]
[Site "England"]
[Date "2015.03.22"]
[Round "8.197"]
[White "Klingher, Dominic"]
[Black "Miles, Richard"]
[Result "1/2-1/2"]
[WhiteElo "1862"]
[BlackElo "2002"]
[PlyCount "40"]
[EventDate "2015.03.21"]
[EventType "team-swiss"]
[EventRounds "11"]
[EventCountry "ENG"]
[SourceTitle "EXT 2016"]
[Source "ChessBase"]
[SourceDate "2015.10.08"]
[SourceVersion "1"]
[SourceVersionDate "2015.10.08"]
[SourceQuality "1"]
[WhiteTeam "Barnet Knights"]
[BlackTeam "Spirit of Atticus II"]
[WhiteTeamCountry "ENG"]
[BlackTeamCountry "ENG"]

1. f4 d5 2. Nf3 Nf6 3. e3 g6 4. b3 Bg7 5. Bb2 0-0 6. Be2 c5 7. 0-0 Nc6 8. Ne5 Nd7 9. Nxc6 bxc6 10. Bxg7 Kxg7 11. g4 e5 12. Qe1 f5 13. g5 Qe7 14. Qh4 exf4 15. Qh6+ Kg8 16. Rxf4 Qg7 17. Qxg7+ Kxg7 18. Nc3 a5 19. h4 Ba6 20. Raf1 Bxe2 1/2-1/2

[Event "BCF-chT3 1415 (4NCL)"]
[Site "England"]
[Date "2015.03.21"]
[Round "7.178"]
[White "Miles, Richard"]
[Black "Green, Michael"]
[Result "0-1"]
[WhiteElo "2002"]
[BlackElo "1895"]
[PlyCount "108"]
[EventDate "2015.03.21"]
[EventType "team-swiss"]
[EventRounds "11"]
[EventCountry "ENG"]
[SourceTitle "EXT 2016"]
[Source "ChessBase"]
[SourceDate "2015.10.08"]
[SourceVersion "1"]
[SourceVersionDate "2015.10.08"]
[SourceQuality "1"]
[WhiteTeam "Spirit of Atticus II"]
[BlackTeam "KJCA Knights"]
[WhiteTeamCountry "ENG"]
[BlackTeamCountry "ENG"]

1. d4 Nf6 2. c4 c5 3. d5 e6 4. Nc3 exd5 5. cxd5 d6 6. Nf3 g6 7. Bf4 a6 8. a4 Bg7 9. e4 Bg4 10. Be2 Bxf3 11. Bxf3 0-0 12. 0-0 Qc7 13. Re1 Re8 14. Rc1 Nbd7 15. b4 c4 16. Qd2 Ne5 17. Bxe5 Rxe5 18. g3 Ree8 19. Rb1 Nd7 20. Kg2 Rab8 21. Be2 b5 22. axb5 axb5 23. f3 Qb6 24. Ra1 Ra8 25. Bf1 Ra6 26. Rxa6 Qxa6 27. Rd1 Ra8 28. Rb1 Qb6 29. Ne2 Ra3 30. Nc1 Qa7 31. h4 Qa4 32. Be2 c3 33. Qd3 c2 34. Rb3 Rxb3 35. Qxb3 Qxb3 36. Nxb3 Bb2 37. Bxb5 Nb6 38. Kf2 c1Q 39. Nxc1 Bxc1 40. Ke2 Ba3 41. Ke3 Bxb4 42. Kf4 f6 43. Kg4 h5+ 44. Kh3 Kg7 45. Kg2 Be1 46. Kh3 f5 47. exf5 gxf5 48. Be8 Kh6 49. Bf7 Nc4 50. g4 hxg4+ 51. fxg4 fxg4+ 52. Kg2 Bxh4 53. Be6 Kg5 54. Kf1 g3 0-1

[Event "WLS-chT 1415"]
[Site "Cardiff"]
[Date "2015.03.15"]
[Round "5.6"]
[White "Thomas, Roy"]
[Black "Miles, Richard"]
[Result "0-1"]
[WhiteElo "1766"]
[BlackElo "2002"]
[PlyCount "86"]
[EventDate "2014.10.19"]
[EventType "team-swiss"]
[EventRounds "7"]
[EventCountry "WLS"]
[SourceTitle "EXT 2016"]
[Source "ChessBase"]
[SourceDate "2015.10.08"]
[SourceVersion "1"]
[SourceVersionDate "2015.10.08"]
[SourceQuality "1"]

1. f4 d5 2. e3 Nf6 3. Nf3 g6 4. Be2 Bg7 5. 0-0 0-0 6. d3 b6 7. Nc3 Bb7 8. Qe1 Nbd7 9. Qh4 Re8 10. Ne5 Nf8 11. d4 N6d7 12. Bd2 e6 13. Qh3 f6 14. Nxd7 Qxd7 15. Bf3 c6 16. Ne2 e5 17. fxe5 Qxh3 18. gxh3 fxe5 19. c3 e4 20. Bg2 Bc8 21. Rf2 Be6 22. Nf4 Bf5 23. Raf1 Bf6 24. Nh5 Bh4 25. Ng3 Be6 26. Re2 Nd7 27. Be1 Bg5 28. Nh1 Rf8 29. Bg3 Rxf1+ 30. Kxf1 Rf8+ 31. Ke1 h5 32. Kd2 Kg7 33. Rf2 Bf5 34. Bf4 Be7 35. Ng3 Be6 36. Ne2 h4 37. Be5+ Nxe5 38. Rxf8 Nc4+ 39. Ke1 Bxf8 40. Nf4 Kf6 41. Ke2 Nxb2 42. Bf1 Bd6 43. Nxe6 Kxe6 0-1

[Event "WLS-chT 1415"]
[Site "Cardiff"]
[Date "2014.10.19"]
[Round "1.12"]
[White "Miles, Richard"]
[Black "Wagner, Guy"]
[Result "1/2-1/2"]
[WhiteElo "2006"]
[BlackElo "1884"]
[PlyCount "67"]
[EventDate "2014.10.19"]
[EventType "team-swiss"]
[EventRounds "7"]
[EventCountry "WLS"]
[SourceTitle "EXT 2016"]
[Source "ChessBase"]
[SourceDate "2015.10.08"]
[SourceVersion "1"]
[SourceVersionDate "2015.10.08"]
[SourceQuality "1"]

1. d4 e6 2. c4 b6 3. a3 Bb7 4. Nc3 f5 5. d5 e5 6. g3 d6 7. Bg2 Nf6 8. Nh3 h6 9. Qc2 Qd7 10. e4 fxe4 11. Nxe4 Be7 12. Nxf6+ Bxf6 13. Qg6+ Qf7 14. Be4 Bc8 15. Ng1 Nd7 16. Be3 Nf8 17. Qxf7+ Kxf7 18. h4 a5 19. b3 Ng6 20. Ne2 Ne7 21. Nc3 Nf5 22. Nb5 Bd8 23. Ke2 Re8 24. Kd3 Bd7 25. Nc3 Bf6 26. Ne2 Rab8 27. Rhe1 Red8 28. Nc3 Rbc8 29. b4 axb4 30. axb4 Ra8 31. Ne2 Kg8 32. Kd2 Kf7 33. Kd3 Rdc8 34. Nc3 1/2-1/2

[Event "WLS-ch 60th"]
[Site "Cardiff"]
[Date "2014.04.20"]
[Round "5"]
[White "Miles, Richard"]
[Black "Taylor, Robert Graham"]
[Result "1/2-1/2"]
[WhiteElo "2065"]
[BlackElo "1945"]
[PlyCount "57"]
[EventDate "2014.04.18"]
[EventType "swiss"]
[EventRounds "7"]
[EventCountry "WLS"]
[SourceTitle "CBM 160 Extra"]
[Source "ChessBase"]
[SourceDate "2014.07.01"]
[SourceVersion "1"]
[SourceVersionDate "2014.07.01"]
[SourceQuality "1"]

1. c4 e5 2. g3 f5 3. d4 exd4 4. Qxd4 Nc6 5. Qd1 Nf6 6. Bg2 Bb4+ 7. Bd2 Qe7 8. Nf3 Ne4 9. 0-0 0-0 10. a3 Bxd2 11. Nfxd2 Nf6 12. Nc3 d6 13. Nd5 Nxd5 14. cxd5 Ne5 15. e3 c5 16. dxc6 bxc6 17. Rc1 Ba6 18. Qa4 Bxf1 19. Kxf1 d5 20. b4 Rab8 21. Nb3 Qd7 22. Nc5 Qf7 23. Kg1 Rfd8 24. Re1 Rd6 25. Qd1 Rh6 26. Qd4 Re8 27. h3 Rxh3 28. f4 Rxg3 29. fxe5 1/2-1/2

[Event "EU-chT Seniors"]
[Site "Sibenik"]
[Date "2014.04.05"]
[Round "5.15"]
[White "Borwell, Alan Peter"]
[Black "Miles, Richard"]
[Result "1/2-1/2"]
[WhiteElo "2018"]
[BlackElo "2065"]
[PlyCount "37"]
[EventDate "2014.04.01"]
[EventType "team-swiss"]
[EventRounds "9"]
[EventCountry "CRO"]
[SourceTitle "CBM 159 Extra"]
[Source "ChessBase"]
[SourceDate "2014.04.24"]
[SourceVersion "1"]
[SourceVersionDate "2014.04.24"]
[SourceQuality "1"]
[WhiteTeam "Scotland Seniors II"]
[BlackTeam "Wales Gwent Seniors"]
[WhiteTeamCountry "SCO"]
[BlackTeamCountry "WLS"]

1. e4 c5 2. b3 Nc6 3. Bb2 d6 4. f4 e5 5. Nf3 exf4 6. Bb5 Bd7 7. 0-0 Nf6 8. Bxc6 Bxc6 9. e5 Bxf3 10. Qxf3 dxe5 11. Qxb7 Rb8 12. Qc6+ Qd7 13. Qxd7+ Nxd7 14. Nc3 c4 15. Kh1 Bd6 16. Ne4 Be7 17. d4 cxd3 18. cxd3 0-0 19. d4 1/2-1/2